Bergson (Record no. 194078)

MARC details
000 -LEADER
fixed length control field 00653nam a2200241Ia 4500
003 - CONTROL NUMBER IDENTIFIER
control field OSt
005 - DATE AND TIME OF LATEST TRANSACTION
control field 20220918192319.0
008 - FIXED-LENGTH DATA ELEMENTS--GENERAL INFORMATION
fixed length control field 220917b |||||||| |||| 00| 0 eng d
037 ## - SOURCE OF ACQUISITION
Terms of availability Textual
040 ## - CATALOGING SOURCE
Original cataloging agency ARTS
Transcribing agency ARTS
Language of cataloging eng
041 ## - LANGUAGE CODE
Source of code eng
Language code of text/sound track or separate title eng
100 ## - MAIN ENTRY--PERSONAL NAME
Personal name Moore F C T
9 (RLIN) 14580
245 #0 - TITLE STATEMENT
Title Bergson
Remainder of title thinking backwards
260 ## - PUBLICATION, DISTRIBUTION, ETC.
Place of publication, distribution, etc. New York
Name of publisher, distributor, etc. CUP
Date of publication, distribution, etc. 1996
300 ## - PHYSICAL DESCRIPTION
Extent xx,152p.
Dimensions cm.
490 ## - SERIES STATEMENT
Series statement Modern european philosophy ed by Robert B Pippin
942 ## - ADDED ENTRY ELEMENTS (KOHA)
Classification part R3xM592:g, N6
Koha item type Textual
Source of classification or shelving scheme Colon Classification (CC)
Holdings
Withdrawn status Lost status Damaged status Not for loan Home library Current library Date acquired Total Checkouts Full call number Barcode Date last seen Price effective from Koha item type
        Arts Library Arts Library 2022-09-18   R3xM592:g N6 AL0567417 2022-09-18 2022-09-18 Textual
Copyright @ Delhi University Library System